<?xml version="1.0" encoding="UTF-8"?><?xml-stylesheet type="text/xsl" href="static/style.xsl"?><OAI-PMH xmlns="http://www.openarchives.org/OAI/2.0/" xmlns:xsi="http://www.w3.org/2001/XMLSchema-instance" xsi:schemaLocation="http://www.openarchives.org/OAI/2.0/ http://www.openarchives.org/OAI/2.0/OAI-PMH.xsd"><responseDate>2026-04-17T04:26:22Z</responseDate><request verb="GetRecord" identifier="oai:www.recercat.cat:10230/43493" metadataPrefix="marc">https://recercat.cat/oai/request</request><GetRecord><record><header><identifier>oai:recercat.cat:10230/43493</identifier><datestamp>2025-12-18T01:07:42Z</datestamp><setSpec>com_2072_6</setSpec><setSpec>col_2072_452952</setSpec></header><metadata><record xmlns="http://www.loc.gov/MARC21/slim" xmlns:dcterms="http://purl.org/dc/terms/" xmlns:xsi="http://www.w3.org/2001/XMLSchema-instance" xmlns:doc="http://www.lyncode.com/xoai" xsi:schemaLocation="http://www.loc.gov/MARC21/slim http://www.loc.gov/standards/marcxml/schema/MARC21slim.xsd">
   <leader>00925njm 22002777a 4500</leader>
   <datafield ind2=" " ind1=" " tag="042">
      <subfield code="a">dc</subfield>
   </datafield>
   <datafield ind2=" " ind1=" " tag="720">
      <subfield code="a">Feixa, Carles, 1962-</subfield>
      <subfield code="e">author</subfield>
   </datafield>
   <datafield ind2=" " ind1=" " tag="720">
      <subfield code="a">Guerra, Paula</subfield>
      <subfield code="e">author</subfield>
   </datafield>
   <datafield ind2=" " ind1=" " tag="720">
      <subfield code="a">Blackman, Shane</subfield>
      <subfield code="e">author</subfield>
   </datafield>
   <datafield ind2=" " ind1=" " tag="720">
      <subfield code="a">Ostegaard, Jeanette</subfield>
      <subfield code="e">author</subfield>
   </datafield>
   <datafield ind2=" " ind1=" " tag="260">
      <subfield code="c">2020-02-05T15:58:44Z</subfield>
   </datafield>
   <datafield ind2=" " ind1=" " tag="260">
      <subfield code="c">2020-02-05T15:58:44Z</subfield>
   </datafield>
   <datafield ind2=" " ind1=" " tag="260">
      <subfield code="c">2020</subfield>
   </datafield>
   <datafield ind2=" " ind1=" " tag="520">
      <subfield code="a">In this special edition on popular music we seek to explore Simon Frith’s (1978: 39) argument that: “Music’s presence in youth culture is established but not its purpose.” ‘Songs that sing the crisis’ captures contemporary accounts which build upon popular music’s legacy, courage and sheer determination to offer social and cultural critique of oppressive structures or political injustice as they are being lived by young people today. Young people have consistently delivered songs that have focused on struggles for social rights, civil rights, women rights, ethnic and sexual minorities rights, through creative anger, emotion and resistance and we know that music matters because we consciously feel the song (DeNora, 2000). However, in the aftermath of the post 2008 global economic and cultural crises, young people in particular have faced austerity, social hardship and political changes, which have impacted on their future lives (France, 2016, Kelly and Pike, 2017). This Special Issue assesses the key contestation where popular music is a mechanism to not only challenge but to think through ordinary people’s experience and appeals for social justice. The present introduction starts by presenting the historical and theoretical background of this research field. Then introduces the articles about the songs that sing the crisis in Portugal, Spain, Ireland, Denmark, Egypt and Tunisia through the rhythms of rap, hip-hop, fado, electronic pop, indie rock, reggaeton, metal and maghragan.</subfield>
   </datafield>
   <datafield tag="653" ind2=" " ind1=" ">
      <subfield code="a">Youth culture</subfield>
   </datafield>
   <datafield tag="653" ind2=" " ind1=" ">
      <subfield code="a">Popular music</subfield>
   </datafield>
   <datafield tag="653" ind2=" " ind1=" ">
      <subfield code="a">Style</subfield>
   </datafield>
   <datafield tag="653" ind2=" " ind1=" ">
      <subfield code="a">Lyrics</subfield>
   </datafield>
   <datafield tag="653" ind2=" " ind1=" ">
      <subfield code="a">Crisis</subfield>
   </datafield>
   <datafield tag="653" ind2=" " ind1=" ">
      <subfield code="a">Identities</subfield>
   </datafield>
   <datafield ind2="0" ind1="0" tag="245">
      <subfield code="a">Songs that sing the crisis: music, words, youth narratives and identities in late modernity</subfield>
   </datafield>
</record></metadata></record></GetRecord></OAI-PMH>